000 00382 a2200169 4500
001 174665
020 _a85-08-05129-8
040 _cMagnum
100 _aDinorah, Maria
240 1 0 _aHistórias de fadas e prendas
_lpor
245 1 0 _aHistórias de fadas e prendas
300 _a64
362 0 _a1998
440 1 _aÁtica
697 _aLITERATURA INFANTO-JUVENIL
942 _cBK
999 _c174665
_d174665